000 00559cam a22002171 4500
001 sa 67003340
003 DLC
005 20260227112338.0
008 890629s1963 ii 000 0 urdr
010 _asa 67003340
035 _a(OCoLC)19949565
040 _aDLC
_cWaU
_dDLC
042 _apremarc
050 0 0 _aHN40.M6
_bI24
100 1 _aIlāhī, Muḥammad ʻĀshiq.
245 1 0 _aHamārī muṣībaton̲ ke asbāb aur unkā ʻilāj.
260 _c[1963]
300 _a175 p.
_c19 cm.
500 _aIn Urdu.
650 0 _aIslam and social problems.
999 _c73805
_d73805